| 000 | 00757cam a2200229 a 4500 | ||
|---|---|---|---|
| 001 | 000003968 | ||
| 005 | 20200929150638.0 | ||
| 008 | 940511s1996 ag 000 f spa | ||
| 020 | _a950081658X | ||
| 040 |
_aDO-SdBNP _cDLC _dOCoLC _dDLC |
||
| 041 | 1 | 7 |
_aspa _heng _2Código de idioma MARC |
| 082 |
_a813.54 _bS634e |
||
| 100 | 1 |
_aSloan, Susan R., _d1933-2004 _911913 |
|
| 245 | 1 | 0 |
_aEn legítima venganza / _cSusan R. Sloan ; traducción, Aníbal Leal. |
| 260 |
_aBuenos Aires : _bAtlántida, _c1996. |
||
| 300 |
_a444 p. ; _c23 cm. |
||
| 534 | _aTítulo original: Guilt by association | ||
| 650 | 4 |
_aNovela estadounidense _9262 |
|
| 650 | 4 |
_aLiteratura estadounidense _9263 |
|
| 700 | 1 |
_aLeal, Aníbal, _etr. _94573 |
|
| 910 | _aCatalogación por copia / LC | ||
| 999 |
_c3787 _d3787 |
||